• 首页
  • 本馆介绍
  • 公告通知
  • 最新文献
  • 馆藏检索
  • 电子资源
  • 读者导购
  • 参考咨询
  • 我的图书馆
  • 登录
  • 详细信息显示
  • 放入我的书架
  • 预约/预借图书
  • 作者相关作品
  • 分类相关作品
  • 丛书相关作品
  • 出版社相关作品

书目信息

  • 表格格式
  • 工作单格式
  • 卡片格式
题名:
超级记忆术
    
 
作者: 鸿雁 编著
分册:  
出版信息: 长春   吉林文史出版社有限责任公司  2017
页数: 242页
开本: 21cm
丛书名:
单 册:
中图分类: B842.3-49
科图分类:
主题词: 记忆术--通俗读物
电子资源:
ISBN: 978-7-5472-4046-5
000 00901nam0 2200229 450
001 1554
005 20180522130614.91
010    @a978-7-5472-4046-5@b精装@dCNY49.00
100    @a20170905d2017 em y0chiy50 ea
101 0  @achi
102    @aCN@b220000
105    @aa z 000yy
200 1  @a超级记忆术@9chao ji ji yi shu@f鸿雁编著
210    @a长春@c吉林文史出版社有限责任公司@d2017
215    @a242页@c图@d21cm
300    @a思维解码
330    @a本书在综合了记忆领域研究成果的基础上,解释了记忆的复杂机制,阐述了记忆力的形成、保持、再现,以及遗忘等记忆活动的规律特点,探讨了影响记忆力的因素,并介绍了包括联系法、位置法、机械学习、路线记忆、记忆地图、外部暗示法、感官记忆法、图像记忆法、逻辑推理法等多种有利于提高学习成绩的记忆方法。
606 0  @a记忆术@j通俗读物
690    @aB842.3-49@v5
701  0 @a鸿雁@9hong yan@4编著
801  0 @aCN@b91MARC@c20170905
905    @aMuseLib@dB842.3-49@e2221
    
    超级记忆术/鸿雁编著.-长春:吉林文史出版社有限责任公司,2017
    242页:图;21cm
    思维解码
    
    ISBN 978-7-5472-4046-5(精装):CNY49.00
    本书在综合了记忆领域研究成果的基础上,解释了记忆的复杂机制,阐述了记忆力的形成、保持、再现,以及遗忘等记忆活动的规律特点,探讨了影响记忆力的因素,并介绍了包括联系法、位置法、机械学习、路线记忆、记忆地图、外部暗示法、感官记忆法、图像记忆法、逻辑推理法等多种有利于提高学习成绩的记忆方法。
●
相关链接 在E读中查询图书 在五车中查询图书 在当当中查询图书 在豆瓣中查询图书


正题名:超级记忆术     索取号:B842.3-49/2221         预约/预借

序号 登录号 条形码 馆藏地/架位号 状态 备注
1 1105209   211052091   第一样本阅览室/ [索取号:B842.3-49/2221] 在馆    
2 1105210   211052108   教育系资料室/ [索取号:B842.3-49/2221] 在馆    
3 1105211   211052117   教育系资料室/ [索取号:B842.3-49/2221] 在馆    
4 1105212   211052126   教育系资料室/ [索取号:B842.3-49/2221] 在馆    
5 1105213   211052135   第一借阅区/ [索取号:B842.3-49/2221] 在馆    
6 1105214   211052144   第一借阅区/ [索取号:B842.3-49/2221] 在馆    
唐山师范学院图书馆 欢迎您!
大连网信软件有限公司© 版权所有